[Event "DEM U16 2023"]
[Site "Willingen GER"]
[Date "2023.05.31"]
[Round "5"]
[White "Fathke, Luke"]
[Black "Zhou, Lepu Coco"]
[Result "0-1"]
[Termination "normal"]
[Board "11"]
[WhiteElo "1637"]
[BlackElo "2001"]
[WhiteClock "01:09:13"]
[BlackClock "01:04:58"]
[PlyCount "76"]
[WhiteFideId "16230230"]
[BlackFideId "16217136"]
[EventCountry "GER"]
[EventRounds "9"]
[EventType "swiss"]
[EventDate "2023.05.27"]

1. e4 {[%emt 0:00:03]} e5 {[%emt 0:00:07]} 2. Nf3 {[%emt 0:00:10]} Nc6 {[%emt
0:00:12]} 3. Bc4 {[%emt 0:00:15]} Nf6 {[%emt 0:00:13]} 4. d3 {[%emt 0:00:32]}
Be7 {[%emt 0:00:08]} 5. O-O {[%emt 0:00:30]} O-O {[%emt 0:00:08]} 6. Re1 {[%emt
0:00:32]} d6 {[%emt 0:00:20]} 7. a4 {[%emt 0:00:44]} Be6 {[%emt 0:03:08]} 8.
Nbd2 {[%emt 0:08:57]} h6 {[%emt 0:02:36]} 9. c3 {[%emt 0:04:00]} Na5 {[%emt
0:06:19]} 10. Ba2 {[%emt 0:05:42]} c5 {[%emt 0:02:18]} 11. b4 {[%emt 0:15:44]}
Bxa2 {[%emt 0:05:36]} 12. Rxa2 {[%emt 0:00:36]} cxb4 {[%emt 0:00:12]} 13. cxb4
{[%emt 0:00:44]} Nc6 {[%emt 0:00:26]} 14. b5 {[%emt 0:08:28]} Nb4 {[%emt
0:01:56]} 15. Ra3 {[%emt 0:10:16]} Rc8 {[%emt 0:01:19]} 16. Re2 {[%emt
0:12:26]} d5 {[%emt 0:13:25]} 17. Nxe5 {[%emt 0:08:04]} dxe4 {[%emt 0:02:02]}
18. Nxe4 {[%emt 0:02:53]} Nxe4 {[%emt 0:00:28]} 19. Rxe4 {[%emt 0:00:25]} Nd5
{[%emt 0:00:21]} 20. Re1 {[%emt 0:05:03]} Bxa3 {[%emt 0:01:27]} 21. Bxa3 {[%emt
0:00:01]} Re8 {[%emt 0:00:23]} 22. h3 {[%emt 0:04:05]} Qc7 {[%emt 0:03:27]} 23.
Nc4 {[%emt 0:01:49]} Rxe1+ {[%emt 0:05:24]} 24. Qxe1 {[%emt 0:00:02]} Nb6
{[%emt 0:05:50]} 25. Bd6 {[%emt 0:05:25]} Qd8 {[%emt 0:03:07]} 26. Qb4 {[%emt
0:00:49]} Nxc4 {[%emt 0:02:24]} 27. dxc4 {[%emt 0:00:13]} Qh4 {[%emt 0:00:22]}
28. Qa5 {[%emt 0:01:42]} Qxc4 {[%emt 0:02:09]} 29. Qxa7 {[%emt 0:00:15]} Qd5
{[%emt 0:01:41]} 30. Bg3 {[%emt 0:00:57]} Qd1+ {[%emt 0:00:26]} 31. Kh2 {[%emt
0:00:04]} Rc1 {[%emt 0:00:55]} 32. Bf4 {[%emt 0:02:33]} Qg1+ {[%emt 0:06:13]}
33. Kg3 {[%emt 0:00:04]} Rc3+ {[%emt 0:00:28]} 34. Be3 {[%emt 0:00:55]} Rc4
{[%emt 0:05:57]} 35. Qxb7 {[%emt 0:00:56]} h5 {[%emt 0:00:11]} 36. Qb8+ {[%emt
0:01:31]} Kh7 {[%emt 0:00:05]} 37. h4 {[%emt 0:00:19]} Rg4+ {[%emt 0:00:07]}
38. Kh3 {[%emt 0:00:13]} Qxg2# {[%emt 0:00:07]} 0-1

[Event "DEM U16 2023"]
[Site "Willingen GER"]
[Date "2023.05.31"]
[Round "5"]
[White "Englert, Luca"]
[Black "Peglau, Charis"]
[Result "1-0"]
[Termination "normal"]
[Board "12"]
[BlackTitle "WFM"]
[WhiteElo "2109"]
[BlackElo "2114"]
[PlyCount "47"]
[WhiteFideId "16293088"]
[BlackFideId "16219996"]
[EventCountry "GER"]
[EventRounds "9"]
[EventType "swiss"]
[EventDate "2023.05.27"]

1. e4 {[%emt 0:00:03]} c5 {[%emt 0:00:04]} 2. Nf3 {[%emt 0:00:07]} Nc6 {[%emt
0:00:06]} 3. d4 {[%emt 0:00:06]} cxd4 {[%emt 0:00:05]} 4. Nxd4 {[%emt 0:00:05]}
Qb6 {[%emt 0:00:06]} 5. Nb3 {[%emt 0:00:34]} e6 {[%emt 0:00:12]} 6. Be3 {[%emt
0:00:17]} Qc7 {[%emt 0:00:06]} 7. Bd3 {[%emt 0:02:20]} Nf6 {[%emt 0:00:14]} 8.
O-O {[%emt 0:00:24]} d5 {[%emt 0:00:54]} 9. Nc3 {[%emt 0:03:24]} dxe4 {[%emt
0:05:45]} 10. Nxe4 {[%emt 0:01:11]} Nxe4 11. Bxe4 Bd6 {[%emt 0:00:50]} 12. Qh5
{[%emt 0:02:48]} Bd7 {[%emt 0:04:07]} 13. Bc5 {[%emt 0:09:27]} g6 {[%emt
0:06:30]} 14. Bxd6 {[%emt 0:04:53]} Qxd6 {[%emt 0:00:07]} 15. Rad1 {[%emt
0:01:12]} Qc7 {[%emt 0:12:57]} 16. Qc5 {[%emt 0:02:19]} Qb6 {[%emt 0:09:48]}
17. Rd6 {[%emt 0:03:08]} O-O-O {[%emt 0:05:20]} 18. Rfd1 {[%emt 0:01:35]} f5
{[%emt 0:06:50]} 19. Bf3 {[%emt 0:12:55]} Rhe8 {[%emt 0:16:45]} 20. Qc3 {[%emt
0:02:47]} Qc7 {[%emt 0:00:54]} 21. Nc5 {[%emt 0:00:49]} Re7 {[%emt 0:06:29]}
22. Bxc6 {[%emt 0:01:06]} bxc6 {[%emt 0:00:18]} 23. Qf6 {[%emt 0:02:01]} Qb6
{[%emt 0:04:59]} 24. Na4 {[%emt 0:00:54]} 1-0

[Event "DEM U16 2023"]
[Site "Willingen GER"]
[Date "2023.05.31"]
[Round "5"]
[White "Müller, Maximilian"]
[Black "Maul, Maik"]
[Result "1-0"]
[Termination "normal"]
[Board "13"]
[WhiteElo "1908"]
[BlackElo "1803"]
[WhiteClock "01:10:09"]
[BlackClock "01:00:51"]
[PlyCount "77"]
[WhiteFideId "16243552"]
[BlackFideId "16204816"]
[EventCountry "GER"]
[EventRounds "9"]
[EventType "swiss"]
[EventDate "2023.05.27"]

1. d4 {[%emt 0:00:03]} f5 2. Bg5 Nf6 3. e3 e6 4. c4 Be7 5. Nc3 O-O 6. Bd3 d5 7.
Bxf6 Bxf6 8. Qb3 c6 9. f4 Nd7 10. Nf3 Qb6 11. Qc2 Be7 12. a3 a5 13. h3 Nf6 14.
c5 Qc7 15. Na4 Ne4 16. Nb6 Ra7 17. O-O-O Bd7 18. g4 Be8 19. Rdg1 Bd8 20. Rg2
Bf6 21. Rhg1 Bg6 22. g5 Bd8 23. Ne5 Be8 24. Bxe4 fxe4 25. Qe2 Rf5 26. Qg4 Ra6
27. Qh4 Ra7 28. Ng4 Kh8 29. Kb1 Ra6 30. Qg3 Ra7 31. Ne5 Kg8 32. Qg4 Ra6 33. h4
Ra7 34. h5 Ra6 35. Qh3 Ra7 36. Ng4 Kf8 37. Nf2 Kg8 38. Nh1 Rf8 39. Qxe6+
{normal} 1-0

[Event "DEM U16 2023"]
[Site "Willingen GER"]
[Date "2023.05.31"]
[Round "5"]
[White "Oldenburg, Max Leonard"]
[Black "Pfeffer, Samuel"]
[Result "1/2-1/2"]
[Termination "normal"]
[Board "14"]
[WhiteElo "1825"]
[BlackElo "1504"]
[WhiteClock "01:00:56"]
[BlackClock "01:07:00"]
[PlyCount "59"]
[WhiteFideId "34660348"]
[BlackFideId "16249160"]
[EventCountry "GER"]
[EventRounds "9"]
[EventType "swiss"]
[EventDate "2023.05.27"]

1. d4 {[%emt 0:00:04]} Nf6 2. c4 e6 3. Nf3 Bb4+ 4. Bd2 Qe7 5. a3 Bxd2+ 6. Qxd2
d5 7. Nc3 O-O 8. e3 b6 9. cxd5 exd5 10. Bd3 Re8 11. O-O Ba6 12. Bxa6 Nxa6 13.
Qd3 Nb8 14. b4 a6 15. Rac1 Qe6 16. Ne2 Ne4 17. Nd2 c6 18. Nxe4 dxe4 19. Qc3 Ra7
20. Ng3 Qg6 21. Qc4 Rd7 22. a4 Rd5 23. Qb3 Rg5 24. h4 Rd5 25. Rc2 h5 26. Rfc1
Rd6 27. a5 Nd7 28. Qa4 b5 29. Qb3 Ree6 30. Ne2 1/2-1/2

[Event "DEM U16 2023"]
[Site "Willingen GER"]
[Date "2023.05.31"]
[Round "5"]
[White "Demchenko, Yaroslav"]
[Black "Schulz, Bruno Andreas"]
[Result "0-1"]
[Termination "normal"]
[Board "15"]
[WhiteElo "1814"]
[BlackElo "1796"]
[WhiteClock "00:40:32"]
[BlackClock "01:26:14"]
[PlyCount "76"]
[WhiteFideId "14186667"]
[BlackFideId "34618473"]
[EventCountry "GER"]
[EventRounds "9"]
[EventType "swiss"]
[EventDate "2023.05.27"]

1. e4 {[%emt 0:00:01]} c5 {[%emt 0:00:12]} 2. Nf3 {[%emt 0:00:06]} e6 {[%emt
0:00:04]} 3. d4 {[%emt 0:00:06]} cxd4 {[%emt 0:00:03]} 4. Nxd4 {[%emt 0:00:04]}
a6 {[%emt 0:00:03]} 5. Nc3 {[%emt 0:00:26]} Qc7 {[%emt 0:00:07]} 6. g3 {[%emt
0:00:06]} Nf6 {[%emt 0:00:10]} 7. Bg2 {[%emt 0:00:04]} Nc6 {[%emt 0:00:43]} 8.
O-O {[%emt 0:00:17]} g6 {[%emt 0:00:52]} 9. Be3 {[%emt 0:27:14]} Bg7 {[%emt
0:00:25]} 10. f4 {[%emt 0:04:15]} d6 {[%emt 0:04:34]} 11. e5 {[%emt 0:21:32]}
dxe5 {[%emt 0:02:16]} 12. Nxc6 {[%emt 0:01:47]} bxc6 {[%emt 0:00:48]} 13. Bc5
{[%emt 0:02:31]} exf4 {[%emt 0:03:12]} 14. Rxf4 {[%emt 0:04:47]} Bb7 {[%emt
0:03:49]} 15. Qf1 {[%emt 0:09:00]} Nh5 {[%emt 0:04:11]} 16. Rf2 {[%emt
0:01:51]} f5 {[%emt 0:03:02]} 17. Qc4 {[%emt 0:01:35]} Kf7 {[%emt 0:00:30]} 18.
Ne4 {[%emt 0:00:44]} Bf6 {[%emt 0:02:15]} 19. Nd6+ {[%emt 0:01:28]} Kg7 {[%emt
0:00:13]} 20. Qxe6 {[%emt 0:00:30]} Bc8 {[%emt 0:00:47]} 21. Ne8+ {[%emt
0:00:33]} Rxe8 {[%emt 0:00:28]} 22. Qxe8 {[%emt 0:00:05]} Bb7 {[%emt 0:00:10]}
23. Qe1 {[%emt 0:03:47]} Kf7 {[%emt 0:02:05]} 24. Rd1 {[%emt 0:00:08]} Re8
{[%emt 0:01:00]} 25. Re2 {[%emt 0:00:15]} Rc8 {[%emt 0:01:57]} 26. Qb4 {[%emt
0:00:34]} Ba8 {[%emt 0:00:47]} 27. Qb3+ {[%emt 0:00:18]} Kg7 {[%emt 0:00:15]}
28. Red2 {[%emt 0:00:36]} Qe5 {[%emt 0:00:27]} 29. Rd7+ {[%emt 0:01:00]} Kh6
{[%emt 0:02:32]} 30. Bd4 {[%emt 0:00:57]} Qe2 {[%emt 0:03:26]} 31. Bf3 {[%emt
0:01:58]} Bxd4+ {[%emt 0:00:34]} 32. R7xd4 {[%emt 0:00:07]} Qe5 {[%emt
0:00:26]} 33. Bxh5 {[%emt 0:00:16]} c5 {[%emt 0:00:47]} 34. Rh4 {[%emt
0:01:44]} g5 {[%emt 0:00:39]} 35. Ra4 {[%emt 0:01:54]} Rd8 {[%emt 0:01:05]} 36.
Rf1 {[%emt 0:04:34]} c4 {[%emt 0:02:45]} 37. Rxc4 {[%emt 0:02:26]} Kxh5 {[%emt
0:01:12]} 38. Rb4 {[%emt 0:01:54]} Qd5 {[%emt 0:00:48]} 0-1

[Event "DEM U16 2023"]
[Site "Willingen GER"]
[Date "2023.05.31"]
[Round "6"]
[White "Sidletskyi, Ivan"]
[Black "Petrovskiy, Vadim"]
[Result "1-0"]
[Termination "normal"]
[Board "1"]
[WhiteTitle "CM"]
[BlackTitle "IM"]
[WhiteElo "2152"]
[BlackElo "2417"]
[WhiteClock "00:05:56"]
[BlackClock "00:28:53"]
[PlyCount "57"]
[WhiteFideId "14156024"]
[BlackFideId "14165210"]
[EventCountry "GER"]
[EventRounds "9"]
[EventType "swiss"]
[EventDate "2023.05.27"]

1. e4 {[%clk 01:28:53]} {[%emt 00:02:06]} c5 {[%clk 01:30:49]} {[%emt
00:00:11]} 2. Nf3 {[%clk 01:29:05]} {[%emt 00:00:18]} d6 {[%clk 01:31:11]}
{[%emt 00:00:08]} 3. d4 {[%clk 01:29:21]} {[%emt 00:00:14]} cxd4 {[%clk
01:31:31]} {[%emt 00:00:10]} 4. Nxd4 {[%clk 01:29:41]} {[%emt 00:00:10]} Nf6
{[%clk 01:31:56]} {[%emt 00:00:05]} 5. Nc3 {[%clk 01:30:05]} {[%emt 00:00:06]}
a6 {[%clk 01:32:22]} {[%emt 00:00:05]} 6. Bg5 {[%clk 01:30:23]} {[%emt
00:00:12]} Nbd7 {[%clk 01:32:06]} {[%emt 00:00:45]} 7. Qe2 {[%clk 01:27:27]}
{[%emt 00:03:27]} e6 {[%clk 01:25:51]} {[%emt 00:06:46]} 8. f4 {[%clk
01:27:48]} {[%emt 00:00:09]} Qc7 {[%clk 01:26:17]} {[%emt 00:00:04]} 9. O-O-O
{[%clk 01:27:15]} {[%emt 00:01:03]} b5 {[%clk 01:26:43]} {[%emt 00:00:05]} 10.
a3 {[%clk 01:27:08]} {[%emt 00:00:37]} Bb7 {[%clk 01:26:30]} {[%emt 00:00:42]}
11. g4 {[%clk 01:27:22]} {[%emt 00:00:15]} Be7 {[%clk 01:24:05]} {[%emt
00:02:55]} 12. Bg2 {[%clk 01:27:30]} {[%emt 00:00:21]} Qc4 {[%clk 01:24:29]}
{[%emt 00:00:06]} 13. Qxc4 {[%clk 01:25:02]} {[%emt 00:02:59]} bxc4 {[%clk
01:24:58]} {[%emt 00:00:01]} 14. h3 {[%clk 01:25:01]} {[%emt 00:00:31]} h6
{[%clk 01:07:56]} {[%emt 00:17:32]} 15. Bh4 {[%clk 01:15:02]} {[%emt 00:10:28]}
Nc5 {[%clk 00:54:11]} {[%emt 00:14:16]} 16. Rhe1 {[%clk 01:10:22]} {[%emt
00:05:10]} Rc8 {[%clk 00:54:20]} {[%emt 00:00:21]} 17. Bf2 {[%clk 01:01:56]}
{[%emt 00:08:56]} g5 {[%clk 00:53:08]} {[%emt 00:01:41]} 18. fxg5 {[%clk
01:00:09]} {[%emt 00:02:18]} hxg5 {[%clk 00:53:29]} {[%emt 00:00:10]} 19. Kb1
{[%clk 00:55:50]} {[%emt 00:04:50]} Bd8 {[%clk 00:43:32]} {[%emt 00:10:26]} 20.
Nf5 {[%clk 00:32:17]} {[%emt 00:24:03]} exf5 {[%clk 00:40:53]} {[%emt
00:03:09]} 21. Bxc5 {[%clk 00:32:11]} {[%emt 00:00:35]} fxg4 {[%clk 00:31:32]}
{[%emt 00:09:51]} 22. e5 {[%clk 00:27:40]} {[%emt 00:05:02]} Bxg2 {[%clk
00:31:39]} {[%emt 00:00:23]} 23. exf6+ {[%clk 00:28:05]} {[%emt 00:00:05]} Kf8
{[%clk 00:31:22]} {[%emt 00:00:46]} 24. Bxd6+ {[%clk 00:12:59]} {[%emt
00:15:37]} Kg8 {[%clk 00:31:47]} {[%emt 00:00:06]} 25. hxg4 {[%clk 00:12:34]}
{[%emt 00:00:54]} Bxf6 {[%clk 00:31:50]} {[%emt 00:00:27]} 26. Be5 {[%clk
00:09:35]} {[%emt 00:03:28]} Bxe5 {[%clk 00:27:59]} {[%emt 00:04:21]} 27. Rxe5
{[%clk 00:09:52]} {[%emt 00:00:13]} f6 {[%clk 00:28:28]} {[%emt 00:00:01]} 28.
Re6 {[%clk 00:06:27]} {[%emt 00:03:55]} Rc6 {[%clk 00:28:53]} {[%emt 00:00:05]}
29. Re8+ {[%clk 00:05:56]} {[%emt 00:01:02]} 1-0

[Event "DEM U16 2023"]
[Site "Willingen GER"]
[Date "2023.05.31"]
[Round "6"]
[White "Foerster-Yialamas, Lucas"]
[Black "Heinrich, John"]
[Result "1-0"]
[Termination "normal"]
[Board "2"]
[WhiteTitle "CM"]
[WhiteElo "2151"]
[BlackElo "2150"]
[WhiteClock "00:57:12"]
[BlackClock "00:12:21"]
[PlyCount "51"]
[WhiteFideId "30901774"]
[BlackFideId "16259491"]
[EventCountry "GER"]
[EventRounds "9"]
[EventType "swiss"]
[EventDate "2023.05.27"]

1. e4 {[%clk 01:30:58]} c5 {[%clk 01:30:47]} {[%emt 00:00:14]} 2. Nf3 {[%clk
01:31:27]} {[%emt 00:00:01]} d6 {[%clk 01:30:42]} {[%emt 00:00:34]} 3. d4
{[%clk 01:31:56]} cxd4 {[%clk 01:31:04]} {[%emt 00:00:10]} 4. Nxd4 {[%clk
01:32:25]} {[%emt 00:00:01]} Nf6 {[%clk 01:31:22]} {[%emt 00:00:12]} 5. Nc3
{[%clk 01:32:54]} {[%emt 00:00:02]} a6 {[%clk 01:31:40]} {[%emt 00:00:12]} 6.
f3 {[%clk 01:33:22]} {[%emt 00:00:01]} e6 {[%clk 01:31:10]} {[%emt 00:00:59]}
7. Be3 {[%clk 01:33:51]} {[%emt 00:00:02]} b5 {[%clk 01:31:27]} {[%emt
00:00:13]} 8. Qd2 {[%clk 01:34:19]} {[%emt 00:00:01]} Nbd7 {[%clk 01:30:32]}
{[%emt 00:01:25]} 9. g4 {[%clk 01:34:19]} {[%emt 00:00:31]} h6 {[%clk
01:21:23]} {[%emt 00:09:39]} 10. O-O-O {[%clk 01:34:41]} {[%emt 00:00:08]} b4
{[%clk 01:17:27]} {[%emt 00:04:26]} 11. Nce2 {[%clk 01:31:39]} {[%emt
00:03:32]} d5 {[%clk 01:17:36]} {[%emt 00:00:22]} 12. exd5 {[%clk 01:31:54]}
{[%emt 00:00:15]} Nxd5 {[%clk 01:17:49]} {[%emt 00:00:16]} 13. Nf4 {[%clk
01:31:55]} {[%emt 00:00:29]} Bb7 {[%clk 00:58:07]} {[%emt 00:20:13]} 14. Bc4
{[%clk 01:20:00]} {[%emt 00:12:24]} N7b6 {[%clk 00:41:05]} {[%emt 00:17:33]}
15. Bxd5 {[%clk 01:18:18]} {[%emt 00:02:11]} Nxd5 {[%clk 00:32:35]} {[%emt
00:09:00]} 16. Rhe1 {[%clk 01:17:46]} {[%emt 00:01:01]} Qa5 {[%clk 00:30:42]}
{[%emt 00:02:23]} 17. Nb3 {[%clk 01:06:22]} {[%emt 00:11:54]} Qxa2 {[%clk
00:27:18]} {[%emt 00:03:55]} 18. Nxd5 {[%clk 01:06:27]} {[%emt 00:00:25]} Bxd5
{[%clk 00:27:33]} {[%emt 00:00:15]} 19. Bg5 {[%clk 01:00:25]} {[%emt 00:06:32]}
Kd7 {[%clk 00:26:15]} {[%emt 00:01:48]} 20. Qf4 {[%clk 00:58:31]} {[%emt
00:02:24]} Ke8 {[%clk 00:12:46]} {[%emt 00:13:59]} 21. Rxd5 {[%clk 00:54:52]}
{[%emt 00:04:09]} hxg5 {[%clk 00:12:29]} {[%emt 00:00:47]} 22. Qc7 {[%clk
00:55:20]} {[%emt 00:00:02]} Qa4 {[%clk 00:11:45]} {[%emt 00:01:14]} 23. Qb7
{[%clk 00:55:49]} {[%emt 00:00:01]} Rd8 {[%clk 00:11:40]} {[%emt 00:00:36]} 24.
Rxd8+ {[%clk 00:56:18]} {[%emt 00:00:02]} Kxd8 {[%clk 00:12:03]} {[%emt
00:00:06]} 25. Rd1+ {[%clk 00:56:46]} Ke8 {[%clk 00:12:21]} {[%emt 00:00:13]}
26. Qc8+ {[%clk 00:57:12]} {[%emt 00:00:04]} 1-0

[Event "DEM U16 2023"]
[Site "Willingen GER"]
[Date "2023.05.31"]
[Round "6"]
[White "Guo, Philipp Ziming"]
[Black "Lebzak, Jaroslav"]
[Result "1/2-1/2"]
[Termination "normal"]
[Board "3"]
[WhiteElo "1941"]
[BlackElo "2138"]
[WhiteClock "00:31:12"]
[BlackClock "00:40:25"]
[PlyCount "44"]
[WhiteFideId "16245199"]
[BlackFideId "44105851"]
[EventCountry "GER"]
[EventRounds "9"]
[EventType "swiss"]
[EventDate "2023.05.27"]

1. e4 {[%clk 01:30:56]} {[%emt 00:00:02]} c5 {[%clk 01:30:51]} {[%emt
00:00:10]} 2. Nf3 {[%clk 01:31:11]} {[%emt 00:00:14]} Nc6 {[%clk 01:31:17]}
{[%emt 00:00:06]} 3. d4 {[%clk 01:31:28]} {[%emt 00:00:12]} cxd4 {[%clk
01:31:41]} {[%emt 00:00:07]} 4. Nxd4 {[%clk 01:31:51]} {[%emt 00:00:06]} Nf6
{[%clk 01:32:02]} {[%emt 00:00:10]} 5. Nc3 {[%clk 01:32:05]} {[%emt 00:00:14]}
e5 {[%clk 01:32:12]} {[%emt 00:00:21]} 6. Ndb5 {[%clk 01:32:19]} {[%emt
00:00:14]} d6 {[%clk 01:32:33]} {[%emt 00:00:11]} 7. Bg5 {[%clk 01:32:38]}
{[%emt 00:00:10]} a6 {[%clk 01:32:56]} {[%emt 00:00:08]} 8. Na3 {[%clk
01:33:00]} {[%emt 00:00:06]} Be6 {[%clk 01:33:13]} {[%emt 00:00:15]} 9. Nc4
{[%clk 01:27:29]} {[%emt 00:06:01]} Rb8 {[%clk 01:33:36]} {[%emt 00:00:06]} 10.
Bxf6 {[%clk 01:21:23]} {[%emt 00:06:37]} Qxf6 {[%clk 01:33:42]} {[%emt
00:00:24]} 11. Ne3 {[%clk 01:14:19]} {[%emt 00:07:34]} Be7 {[%clk 01:23:18]}
{[%emt 00:10:54]} 12. Be2 {[%clk 01:06:08]} {[%emt 00:08:40]} O-O {[%clk
01:23:00]} {[%emt 00:00:48]} 13. O-O {[%clk 01:04:28]} {[%emt 00:02:08]} Qg6
{[%clk 01:18:45]} {[%emt 00:04:48]} 14. Bf3 {[%clk 00:57:12]} {[%emt 00:07:46]}
Kh8 {[%emt 00:12:37]} 15. Ncd5 {[%clk 00:53:23]} {[%emt 00:00:01]} Bg5 {[%clk
01:08:10]} {[%emt 00:03:16]} 16. c3 {[%clk 00:46:57]} {[%emt 00:06:56]} Ne7
{[%clk 01:04:58]} {[%emt 00:03:42]} 17. Nxe7 {[%clk 00:39:37]} {[%emt
00:07:50]} Bxe7 {[%clk 01:05:14]} {[%emt 00:00:13]} 18. Qd3 {[%clk 00:38:23]}
{[%emt 00:01:44]} Qg5 {[%clk 01:02:29]} {[%emt 00:03:17]} 19. g3 {[%clk
00:33:06]} {[%emt 00:05:46]} f5 {[%clk 00:42:18]} {[%emt 00:20:41]} 20. exf5
{[%clk 00:31:52]} {[%emt 00:01:44]} Bxf5 {[%clk 00:40:31]} {[%emt 00:02:18]}
21. Nxf5 {[%clk 00:32:01]} {[%emt 00:00:20]} Qxf5 {[%clk 00:40:15]} {[%emt
00:00:46]} 22. Qxf5 {[%clk 00:31:12]} {[%emt 00:01:19]} Rxf5 {[%clk 00:40:25]}
{[%emt 00:00:20]} 1/2-1/2